Представление документа в формате MARC21

Поле Инд. ПП Название Значение
Тип записи a
Библиографический уровень m
001 Контрольный номер 003033977
005 Дата корректировки 20150513113645.0
008 Кодируемые данные 070213s2006 y zzzz 000 1 rusdu
020 a ISBN 5-9718-0114-7
040 a Служба первич. каталог. НБ ТвГУ
d Организация, изменившая запись RuMo
e Правила каталог. rcr
041 a Код языка текста rus
080 a Индекс УДК 796.015
084 a Индекс другой классификации/Индекс ББК Ч515
090 a Полочн. индекс Ч515
x Авторский знак Т 83
100 1_ a Автор Туманян Георгий Саакович
q Полное имя Туманян Г. С.
245 10 a Заглавие Стратегия подготовки чемпионов
b Продолж. заглавия настольная книга тренера
260 a Место издания Москва
b Издательство Советский спорт
c Дата издания 2006
300 a Объем 492, [1] с.
b Иллюстрации/ тип воспроизводства ил., табл.
c Размеры 22 см
520 a Аннотация Часть первая состоит из четырех глав, посвященных пропедевтике – введению в профессию тренера, в теорию и организацию спортивной деятельности. Здесь автор рассматривает модели личности тренера, их классификацию, выстраивает модель профессиональных функций тренера, систему научной организации труда, раскрывает профессиональную систему подготовки спортсменов, формулирует важнейшие проблемы стратегии их подготовки, дает конкретные практические рекомендации, а также знакомит с вопросами теории и организации тренировочной, внетренировочной и соревновательной деятельности и технологией управления последней. Особое внимание уделено методам борьбы с допингом. Во второй части главы 5–9 посвящены вопросам содержания и методики раздельной технической, стратегическо-тактической, теоретической, физической и психологической подготовки, которые рассматриваются на основе метаанализа достижений спортивной науки. Последняя – 10-я – глава посвящена комплексной подготовке спортсменов с различными антропометрическими характеристиками.
653 a Ключевые слова Внетренировочная деятельность
a Ключевые слова Деятельность тренера
a Ключевые слова Подготовка спортсменов
a Ключевые слова Соревновательная деятельность
a Ключевые слова Спортивная тренировка
a Ключевые слова Спортивный тренер
a Ключевые слова Тренер в спорте
a Ключевые слова Тренировачная деятельность
a Ключевые слова Физическая культура и спорт
856 u URL http://texts.lib.tversu.ru/texts/993826ogl.pdf
901 t Тип документа m
920 a Оператор Стру
940 a физической культуры
d технология ФСД
952 c Вид литературы К рн
954 a Дата поступления на обработку 20120801
990 a Автор заказа (DOS) каф. спортивных дисциплин
b Заказано (DOS) 5